[Event "Wroclaw Anderssen Memorial op"]
[Site "Wroclaw"]
[Date "2022.07.30"]
[Round "2"]
[White "Kicinski, Michal"]
[Black "Szedny, Boguslaw"]
[Result "0-1"]
[WhiteElo "1111"]
[BlackElo "1307"]
[PlyCount "78"]
[EventDate "2022.07.30"]
[EventType "swiss (rapid)"]
[EventRounds "9"]
[EventCountry "POL"]
[SourceTitle "CBM 209 Extra"]
[Source "ChessBase"]
[SourceDate "2022.09.30"]
[SourceVersion "1"]
[SourceVersionDate "2022.09.30"]
[SourceQuality "1"]

1. e4 e5 2. Nc3 Bb4 3. Bc4 Nf6 4. Nge2 c6 5. a3 Ba5 6. b4 Bb6 7. d4 exd4 8. Nxd4 a5 9. Bg5 axb4 10. e5 bxc3 11. exf6 gxf6 12. Qe2+ Qe7 13. Bxf6 Qxe2+ 14. Kxe2 Rg8 15. g3 Rg6 16. Bh8 Rg8 17. Bf6 Ra4 18. Rhe1 Kf8 19. Kd3 d5 20. Bb3 Ra8 21. Kxc3 Na6 22. f4 Nc5 23. Be7+ Kg7 24. Bxc5 Bxc5 25. a4 Bg4 26. Re7 Bxe7 27. Re1 Bd8 28. Kd3 Bf6 29. c4 dxc4+ 30. Kxc4 Rge8 31. Rxe8 Rxe8 32. Kc5 Bxd4+ 33. Kxd4 Be6 34. Bc2 b5 35. Kc5 bxa4 36. Bxa4 Bd5 37. Bxc6 Bxc6 38. Kxc6 Re2 39. h3 Re3 0-1